Normal view
MARC view
Entry Personal Name
001 - CONTROL NUMBER
- control field: 50095
003 - CONTROL NUMBER IDENTIFIER
- control field: ARRUPE
005 - DATE AND TIME OF LATEST TRANSACTION
- control field: 20201029103616.0
008 - FIXED-LENGTH DATA ELEMENTS
- fixed length control field: 201029|| aca||aabn | a|a d
040 ## - CATALOGING SOURCE
- Original cataloging agency: ARRUPE
- Transcribing agency: ARRUPE
100 ## - HEADING--PERSONAL NAME
- Personal name: Tattersall, E. R.
670 ## - SOURCE DATA FOUND
- Source citation: Work cat.: (ARRUPE): Tattersall, E. R., Nursing management in practice , 1984.